سیرت عمرو بن عاص / (Record no. 173921)

MARC details
000 -LEADER
fixed length control field 00568nam a22002057a 4500
005 - DATE AND TIME OF LATEST TRANSACTION
control field 20200312123026.0
010 ## - LCCN (DPL NO)
LC control number A-842188
020 ## - INTERNATIONAL STANDARD BOOK NUMBER
Terms of availability 15.00
International Standard Book Number -
035 ## - SYSTEM CONTROL NUMBER
System control number A-842188
037 ## - SOURCE OF ACQUISITION
Source of stock number/acquisition BPPD/Pub.
082 ## - DEWEY DECIMAL CLASSIFICATION NUMBER
Classification number 962
100 ## - MAIN ENTRY--PERSONAL NAME
Personal name محمد اسلم
245 ## - TITLE STATEMENT
Title سیرت عمرو بن عاص /
Statement of responsibility, etc محمد اسلم
246 ## - VARYING FORM OF TITLE
Title proper/short title Seerat Umar-O-Bin Aas /
Remainder of title by Mohammed Aslam
260 ## - PUBLICATION, DISTRIBUTION, ETC. (IMPRINT)
Place of publication, distribution, etc New Delhi
Name of publisher, distributor, etc Maktaba Jamia
Date of publication, distribution, etc -
270 ## - ADDRESS
Address Jamia Nagar
City New Delhi
Postal code 110025
300 ## - PHYSICAL DESCRIPTION
Extent 76p.
Dimensions 22cm(Hb)
500 ## - GENERAL NOTE
General note
942 ## - ADDED ENTRY ELEMENTS (KOHA)
Source of classification or shelving scheme Dewey Decimal Classification
Item type Urdu Bks
Classification part 962
Call number suffix م ح م
Holdings
Withdrawn status Lost status Not for loan Collection code Home library Current library Date acquired Source of acquisition Cost, normal purchase price Full call number Barcode Copy number Cost, replacement price Koha item type
      Non-fiction Central Library Central Library 12/03/2020 BPPD/Ven. 15.00 962 م ح م A-842188 1 15.00 Urdu Bks

© Delhi Public Library
Hit Counter
free hit counter